000 00691nmm a2200205Ia 4500
008 251105s9999||||xx |||||||||||||||||und||
020 _a9788437095141
041 _aspa
100 _aJornet Meliá, Jesús
245 0 _aLa evaluación del impacto y la relevancia de la educación en la sociedad
264 _a[Madrid, España] :
_bPublicaciones de la Universidad de Valencia (PUV),
_c2014
300 _a90 páginas
490 _aFora de Col·lecció
650 _aEducation
700 _aJornet Meliá, Jesús
700 1 _a Perales Montolio, María Jesús
700 1 _a Sánchez Delgado, Purificación
856 _uhttps://public.digitaliapublishing.com/a/38805
942 _cCF
999 _c67317
_d67317